000 00629nam a2200265Ia 4500
005 20260306163941.0
008 008 260114s9999 xx 000 0 eng d
020 _a9781399513401
037 _aEBOOK
040 _aCRL
040 _beng
040 _cCRL
041 _2eng
041 _aeng
084 _qCRL
100 _aFrank
245 0 _aCharacter, Writing, And Reputation In Victorian Law And Literature
260 _bEdinburgh University Press
260 _c2023
650 _aLaw
856 _uhttps://academic.oup.com/book/45943
942 _cEBOOK
999 _c1712148
_d1712148